000 01114nac a22003857a 4500
001 BR0000734
003 BR-BrBNA
005 20240105122350.0
008 230509b bl.|||m| |||| 00| 0 por d
040 _aBR-BrBNA
_bpor
_cBiblioteca Nacional de Agricultura
072 _aF01; H01
090 _a0337 BR0000734
100 1 _aCastro, C. de
100 1 _aCastiglioni, V.B.R.
100 1 _aBalla, A.
100 1 _aLeite, R.M.V.B. de C.
100 1 _akaram, D.
100 1 _aMello, H.C.
100 1 _aGuedes, L.C.A.
100 1 _aFaria, J.R.B.
110 1 _aCentro Nacional de Pesquisa de Soja, Londrina, PR (Brasil)
_91793
245 1 _aA cultura do girassol
260 3 _aLondrina, PR (Brasil):
_c1996.
300 _a38 p.
490 _aCircular Tecnica - Centro Nacional de Pesquisa de Soja (Brazil)
_vno. 13
_xISSN 0100-6703
500 _a6 tables; 9 ref.
650 _aGirassol
650 _aProducao
650 _aAdubacao
650 _aSemeadura
650 _aControle Mecanico
650 _aColheita
909 _a202312
_bLúcia Elande
_c55
_dLúcia Elande
942 _2AGRIS
_n0
_cMS
999 _c290647
_d290647